[Event "Skopje op"]
[Site "Skopje"]
[Date "2023.12.10"]
[Round "6"]
[White "Srinath, Rao SV"]
[Black "Tsironis, Alexandros"]
[Result "1-0"]
[WhiteElo "2255"]
[BlackElo "1910"]
[PlyCount "53"]
[EventDate "2023.12.06"]
[EventType "swiss"]
[EventRounds "9"]
[EventCountry "MKD"]
[SourceTitle "CB50_2023"]
[SourceDate "2023.12.13"]
[SourceVersion "1"]
[SourceVersionDate "2023.12.13"]
[SourceQuality "1"]

1. e4 g6 2. d4 Bg7 3. Nf3 d6 4. Nc3 a6 5. a4 Bg4 6. Be2 Nc6 7. Be3 Bxf3 8. Bxf3 e5 9. Ne2 Nf6 10. d5 Ne7 11. a5 Nexd5 12. exd5 e4 13. Bxe4 Nxe4 14. Bd4 Nf6 15. 0-0 0-0 16. f4 Re8 17. f5 Nxd5 18. fxg6 fxg6 19. Bxg7 Kxg7 20. Qxd5 Rxe2 21. Rf7+ Kh6 22. Ra4 Re1+ 23. Kf2 Re5 24. Qd2+ g5 25. Rh4+ Kg6 26. Rhxh7 Qf8 27. Qd3+ 1-0

[Event "Thessaloniki White Tower op-A 2nd"]
[Site "Thessaloniki"]
[Date "2023.01.07"]
[Round "8"]
[White "Tsironis, Alexandros"]
[Black "Avanesyan, Aleksandr"]
[Result "1-0"]
[WhiteElo "1998"]
[BlackElo "1277"]
[PlyCount "87"]
[EventDate "2023.01.02"]
[EventType "swiss"]
[EventRounds "9"]
[EventCountry "GRE"]
[SourceTitle "CBM 212 Extra"]
[Source "ChessBase"]
[SourceDate "2023.03.31"]
[SourceVersion "1"]
[SourceVersionDate "2023.03.31"]
[SourceQuality "1"]

1. e4 c5 2. Nf3 Nc6 3. d4 cxd4 4. Nxd4 g6 5. c4 Nf6 6. Nc3 d6 7. f3 Nxd4 8. Qxd4 Bg7 9. Be3 0-0 10. Qd2 a5 11. Na4 Nd7 12. 0-0-0 Qc7 13. Kb1 Nc5 14. Nxc5 dxc5 15. Qd5 Qb6 16. Rd2 Be6 17. Qxc5 Qxc5 18. Bxc5 Rfd8 19. Rxd8+ Rxd8 20. Kc2 Rc8 21. Bxe7 Bxc4 22. Bxc4 Rxc4+ 23. Kb1 Rd4 24. Rc1 h6 25. Rc8+ Kh7 26. Kc2 Rd7 27. Bc5 h5 28. Be3 Re7 29. b3 f5 30. Bg5 Re5 31. Bf4 Re7 32. Rc7 Re8 33. exf5 gxf5 34. Rxb7 Re2+ 35. Kd3 Rxa2 36. Be5 Rxg2 37. Kc4 Kh8 38. Rxg7 Rxg7 39. Kb5 Kg8 40. Bxg7 Kxg7 41. Kxa5 Kf6 42. b4 Ke5 43. b5 Kf4 44. b6 1-0

[Event "Skopje op"]
[Site "Skopje"]
[Date "2022.10.25"]
[Round "7"]
[White "Tsironis, Alexandros"]
[Black "Zlatkov, Anton"]
[Result "1-0"]
[WhiteElo "1996"]
[BlackElo "2107"]
[PlyCount "103"]
[EventDate "2022.10.21"]
[EventType "swiss"]
[EventRounds "9"]
[EventCountry "MKD"]
[SourceTitle "EXT 2024"]
[Source "ChessBase"]
[SourceDate "2023.10.10"]
[SourceVersion "1"]
[SourceVersionDate "2023.10.10"]
[SourceQuality "1"]

1. d4 Nf6 2. c4 g6 3. Nc3 Bg7 4. e4 d6 5. h3 0-0 6. Be3 e5 7. d5 Na6 8. g4 c6 9. Nge2 cxd5 10. cxd5 b5 11. Ng3 b4 12. Nb5 Qd7 13. Rc1 Bb7 14. g5 Ne8 15. Nxa7 Nc5 16. Bb5 Qe7 17. a3 f5 18. Nc6 Bxc6 19. Bxc6 Rb8 20. Bxc5 dxc5 21. a4 Nd6 22. h4 fxe4 23. Qg4 Rf4 24. Qe6+ Qxe6 25. dxe6 c4 26. e7 Kf7 27. e8Q+ Nxe8 28. Rxc4 Nd6 29. Bd5+ Kf8 30. Rc6 Rd8 31. Ke2 Nf5 32. Nxf5 gxf5 33. Bc4 Ke7 34. Rb6 e3 35. Rb7+ Rd7 36. Rxd7+ Kxd7 37. Bb5+ Kc7 38. fxe3 Rg4 39. b3 Rg2+ 40. Kd3 Rg3 41. Kc4 Rxe3 42. Kxb4 e4 43. Rd1 Bf8+ 44. Kc4 Bd6 45. Kd5 f4 46. Rc1+ Kb8 47. Kxd6 Rxb3 48. Ke5 Rh3 49. Kxf4 Rxh4+ 50. Kg3 Rh5 51. Kg4 Rh2 52. Re1 1-0

[Event "Skopje op"]
[Site "Skopje"]
[Date "2022.10.24"]
[Round "5"]
[White "Tsironis, Alexandros"]
[Black "Stanojoski, Zvonko"]
[Result "0-1"]
[WhiteElo "1996"]
[BlackElo "2413"]
[PlyCount "112"]
[EventDate "2022.10.21"]
[EventType "swiss"]
[EventRounds "9"]
[EventCountry "MKD"]
[SourceTitle "EXT 2024"]
[Source "ChessBase"]
[SourceDate "2023.10.10"]
[SourceVersion "1"]
[SourceVersionDate "2023.10.10"]
[SourceQuality "1"]

1. e4 c5 2. Nf3 Nc6 3. d4 cxd4 4. Nxd4 g6 5. c4 d6 6. Nc3 Nf6 7. f3 Bg7 8. Be3 0-0 9. Be2 Bd7 10. Qd2 a5 11. g4 a4 12. h4 Qa5 13. h5 Rfc8 14. hxg6 fxg6 15. Nxc6 Rxc6 16. g5 Nh5 17. Nd5 Qxd2+ 18. Kxd2 Re8 19. Rab1 e6 20. Nb6 Rc7 21. Nxd7 Rxd7 22. Rhc1 Be5 23. Ke1 Rf7 24. c5 d5 25. c6 Bg3+ 26. Kf1 bxc6 27. Rxc6 dxe4 28. Kg2 Bf4 29. Bd4 Bxg5 30. fxe4 Nf4+ 31. Kf2 Rd8 32. Bc3 Bh4+ 33. Kf1 Nd5+ 34. Kg1 Bf2+ 35. Kh1 Ne3 36. Bc4 Nxc4 37. Rxc4 Ra8 38. Rf1 Bg3 39. Rd1 e5 40. Rd5 Rb7 41. a3 Bf4 42. Rdc5 Raa7 43. Rc8+ Kg7 44. Bb4 Kf6 45. R8c6+ Kg5 46. Rc2 Rd7 47. Rg2+ Kh5 48. Rg1 Rac7 49. Rc3 g5 50. Rh3+ Kg6 51. Bc3 h5 52. Kg2 g4 53. Kf2 Rc4 54. Re3 Rf7 55. Ke2 Bxe3 56. Kxe3 Rf3+ 0-1

[Event "Thessaloniki op 1st"]
[Site "Thessaloniki"]
[Date "2022.08.10"]
[Round "9"]
[White "Tsironis, Alexandros"]
[Black "Nikolaidis, Konstantinos"]
[Result "1-0"]
[WhiteElo "1990"]
[BlackElo "2181"]
[PlyCount "61"]
[EventDate "2022.08.03"]
[EventType "swiss"]
[EventRounds "9"]
[EventCountry "GRE"]
[SourceTitle "CBM 209 Extra"]
[Source "ChessBase"]
[SourceDate "2022.09.30"]
[SourceVersion "1"]
[SourceVersionDate "2022.09.30"]
[SourceQuality "1"]

1. d4 Nf6 2. Nc3 d5 3. Bf4 e6 4. e3 a6 5. Nf3 c5 6. dxc5 Bxc5 7. Bd3 Nc6 8. e4 h6 9. 0-0 Nb4 10. exd5 Nfxd5 11. Nxd5 Qxd5 12. Be2 0-0 13. c3 Qxd1 14. Rfxd1 Nd5 15. Bg3 Re8 16. c4 Nf6 17. Ne5 b6 18. Bf3 Ra7 19. b4 Bf8 20. Bc6 Ree7 21. Rd8 Bb7 22. Rad1 Rc7 23. b5 axb5 24. cxb5 Rc8 25. h3 g5 26. Rxc8 Bxc8 27. Rd8 Bb7 28. Nd7 Nxd7 29. Rxd7 Bxc6 30. bxc6 Rxa2 31. c7 1-0

[Event "Thessaloniki op 1st"]
[Site "Thessaloniki"]
[Date "2022.08.08"]
[Round "7"]
[White "Tsironis, Alexandros"]
[Black "Banov, Boil"]
[Result "1-0"]
[WhiteElo "1990"]
[BlackElo "2141"]
[PlyCount "73"]
[EventDate "2022.08.03"]
[EventType "swiss"]
[EventRounds "9"]
[EventCountry "GRE"]
[SourceTitle "CBM 209 Extra"]
[Source "ChessBase"]
[SourceDate "2022.09.30"]
[SourceVersion "1"]
[SourceVersionDate "2022.09.30"]
[SourceQuality "1"]

1. e4 c6 2. d4 d5 3. Nc3 g6 4. Be3 Bg7 5. e5 h5 6. Qd2 Nh6 7. 0-0-0 Na6 8. Kb1 Qa5 9. h3 Bf5 10. Nf3 0-0-0 11. Be2 Kb8 12. Nh4 Nb4 13. Nxf5 Nxf5 14. a3 Na6 15. g4 Nxe3 16. fxe3 hxg4 17. hxg4 f6 18. Qd3 fxe5 19. Qxg6 Rhg8 20. Qe6 exd4 21. exd4 Bf6 22. Rh5 Nc7 23. Qf5 c5 24. Bf3 Bxd4 25. Ne2 e6 26. Qh7 Bg7 27. Rg5 Rgf8 28. Rxg7 Rxf3 29. g5 Qb6 30. g6 Nb5 31. Ka2 Rf2 32. Rg8 Rxe2 33. Rxd8+ Qxd8 34. g7 Rg2 35. Rf1 Nc3+ 36. bxc3 Rxc2+ 37. Qxc2 1-0

[Event "Thessaloniki Vardaris op 6th"]
[Site "Thessaloniki"]
[Date "2020.02.28"]
[Round "2"]
[White "Tsironis, Alexandros"]
[Black "Ladopoulos, Dimitrios"]
[Result "1/2-1/2"]
[WhiteElo "1962"]
[BlackElo "2253"]
[PlyCount "77"]
[EventDate "2020.02.27"]
[EventType "swiss"]
[EventRounds "7"]
[EventCountry "GRE"]
[SourceTitle "CBM 195 Extra"]
[Source "ChessBase"]
[SourceDate "2020.05.31"]
[SourceVersion "1"]
[SourceVersionDate "2020.05.31"]
[SourceQuality "1"]

1. e4 e6 2. d4 d5 3. Nd2 Nf6 4. e5 Nfd7 5. Bd3 c5 6. c3 Nc6 7. Ne2 cxd4 8. cxd4 f6 9. f4 fxe5 10. fxe5 Nxd4 11. Nxd4 Qh4+ 12. g3 Qxd4 13. Nf3 Qb6 14. Qc2 Bb4+ 15. Kf1 Rf8 16. Kg2 g6 17. Rf1 Be7 18. Bf4 Nc5 19. Be3 Bd7 20. b4 Qxb4 21. Rab1 Qa5 22. Bxc5 Qxc5 23. Qxc5 Bxc5 24. Rxb7 Be3 25. Re1 Bb6 26. Re2 h6 27. Bxg6+ Kd8 28. Bd3 Rc8 29. Nh4 Rf7 30. Rd2 Rc3 31. Bb5 Re3 32. Ng6 Re1 33. Rc2 Bxb5 34. Rxf7 Bd3 35. Rf8+ Kd7 36. Rf7+ Ke8 37. Rf8+ Kd7 38. Rf7+ Ke8 39. Rf8+ 1/2-1/2

[Event "Thessaloniki White Tower op 42nd"]
[Site "Thessaloniki"]
[Date "2020.01.04"]
[Round "4"]
[White "Tsironis, Alexandros"]
[Black "Moustakas, Athanasios"]
[Result "1-0"]
[WhiteElo "1992"]
[BlackElo "1125"]
[PlyCount "67"]
[EventDate "2020.01.02"]
[EventType "swiss"]
[EventRounds "9"]
[EventCountry "GRE"]
[SourceTitle "CBM 194 Extra"]
[Source "ChessBase"]
[SourceDate "2020.03.31"]
[SourceVersion "1"]
[SourceVersionDate "2020.03.31"]
[SourceQuality "1"]

1. f4 d5 2. e3 e6 3. Nf3 Nf6 4. b3 g6 5. Bb2 Bg7 6. d3 Nc6 7. Nbd2 0-0 8. Be2 b6 9. 0-0 a5 10. Qe1 Ba6 11. Rc1 Re8 12. a3 Qe7 13. c4 dxc4 14. Nxc4 Bxc4 15. Rxc4 Qd7 16. Qa1 Nh5 17. Rfc1 Bxb2 18. Qxb2 Ne7 19. Ne5 Qd8 20. Ng4 c5 21. Nh6+ Kf8 22. Qh8+ Ng8 23. Qxg8+ Ke7 24. Qxf7+ Kd6 25. d4 Re7 26. dxc5+ Kc6 27. Bf3+ Kc7 28. cxb6+ Kxb6 29. Rc6+ Ka7 30. Rc7+ Rxc7 31. Rxc7+ Kb6 32. Rc6+ Kb5 33. Qb7+ Qb6 34. Qxb6# 1-0

[Event "Thessaloniki White Tower op 40th"]
[Site "Thessaloniki"]
[Date "2018.01.03"]
[Round "3"]
[White "Nevednichy, Vladislav"]
[Black "Tsironis, Alexandros"]
[Result "1-0"]
[WhiteElo "2548"]
[BlackElo "2003"]
[PlyCount "65"]
[EventDate "2018.01.02"]
[EventType "swiss"]
[EventRounds "9"]
[EventCountry "GRE"]
[SourceTitle "CBM 182 Extra"]
[Source "ChessBase"]
[SourceDate "2018.02.23"]
[SourceVersion "1"]
[SourceVersionDate "2018.02.23"]
[SourceQuality "1"]

1. e4 d6 2. d4 Nf6 3. Bd3 g6 4. Nf3 Bg7 5. c3 0-0 6. 0-0 Nbd7 7. Re1 e5 8. Bc2 c6 9. a4 Qe7 10. a5 Ne8 11. Nbd2 f5 12. exf5 gxf5 13. dxe5 dxe5 14. Nd4 Nc5 15. b4 Ne4 16. Nxf5 Bxf5 17. Nxe4 Kh8 18. Be3 Rd8 19. Qe2 Qf7 20. Bxa7 Qg6 21. Rac1 Bh6 22. Be3 Bxe3 23. Qxe3 Nc7 24. Qg3 Qe8 25. Ng5 Bxc2 26. Rxc2 Rf5 27. Rce2 Nd5 28. Rxe5 Rxe5 29. Qxe5+ Qxe5 30. Rxe5 Rd7 31. h4 Nxc3 32. g3 Rd4 33. Re8+ 1-0

[Event "Belgrade Trophy 31st"]
[Site "Belgrade"]
[Date "2017.11.24"]
[Round "1"]
[White "Tsironis, Alexandros"]
[Black "Blagojevic, Dragisa"]
[Result "0-1"]
[WhiteElo "2028"]
[BlackElo "2495"]
[PlyCount "50"]
[EventDate "2017.11.24"]
[EventType "swiss"]
[EventRounds "9"]
[EventCountry "SRB"]
[SourceTitle "CBM 181 Extra"]
[Source "ChessBase"]
[SourceDate "2017.12.12"]
[SourceVersion "1"]
[SourceVersionDate "2017.12.12"]
[SourceQuality "1"]

1. e4 e5 2. Nf3 Nc6 3. d4 exd4 4. Bc4 Nf6 5. e5 Ne4 6. 0-0 d5 7. Bb5 Bc5 8. Nxd4 0-0 9. Nxc6 bxc6 10. Bxc6 Ba6 11. Qxd5 Bxf1 12. Qxe4 Bb5 13. Nc3 Bxc6 14. Qxc6 Bb6 15. Qf3 f6 16. e6 Qe7 17. Bd2 Rad8 18. Nd5 Rxd5 19. Qxd5 Rd8 20. Bb4 c5 21. Bxc5 Qxc5 22. Qb3 Qxf2+ 23. Kh1 Kf8 24. c4 Rd2 25. Qb4+ Kg8 0-1

[Event "GRE-chT 45th"]
[Site "Achaia"]
[Date "2017.07.07"]
[Round "6.8"]
[White "Tsironis, Alexandros"]
[Black "Poulopoulos, Ioannis"]
[Result "1/2-1/2"]
[WhiteElo "2006"]
[BlackElo "2252"]
[PlyCount "85"]
[EventDate "2017.07.03"]
[EventType "team-swiss"]
[EventRounds "7"]
[EventCountry "GRE"]
[SourceTitle "CBM 179 Extra"]
[Source "ChessBase"]
[SourceDate "2017.08.23"]
[SourceVersion "1"]
[SourceVersionDate "2017.08.23"]
[SourceQuality "1"]
[WhiteTeam "Moudanion"]
[BlackTeam "Panionios GA"]
[WhiteTeamCountry "GRE"]
[BlackTeamCountry "GRE"]

1. e4 c5 2. Nf3 d6 3. d4 cxd4 4. Nxd4 Nf6 5. Nc3 a6 6. Bg5 e6 7. f4 Be7 8. Qf3 Qc7 9. 0-0-0 Nbd7 10. g4 h6 11. Bxf6 Bxf6 12. h4 Qb6 13. Nb3 Be7 14. Kb1 Qc7 15. g5 b5 16. g6 0-0 17. Bh3 Nc5 18. gxf7+ Rxf7 19. Nxc5 Qxc5 20. e5 d5 21. Rhg1 Ra7 22. Qh5 Qe3 23. Qg4 Qxf4 24. Nxd5 Qxe5 25. Nxe7+ Raxe7 26. Rd8+ Rf8 27. Rxf8+ Kxf8 28. Rd1 Rd7 29. Qb4+ Kg8 30. Re1 Rd6 31. a3 Qg3 32. Bg4 Bd7 33. Re4 Qg1+ 34. Ka2 Qb6 35. Rf4 a5 36. Qe4 Qc5 37. Qa8+ Kh7 38. Bf3 Bc6 39. Be4+ Bxe4 40. Qxe4+ Kg8 41. Qa8+ Kh7 42. Qe4+ Kg8 43. Qa8+ 1/2-1/2

[Event "GRE-chT 45th"]
[Site "Achaia"]
[Date "2017.07.04"]
[Round "2.9"]
[White "Tsironis, Alexandros"]
[Black "Azis Azizis, Ektoras"]
[Result "1-0"]
[WhiteElo "2006"]
[BlackElo "2218"]
[PlyCount "79"]
[EventDate "2017.07.03"]
[EventType "team-swiss"]
[EventRounds "7"]
[EventCountry "GRE"]
[SourceTitle "CBM 179 Extra"]
[Source "ChessBase"]
[SourceDate "2017.08.23"]
[SourceVersion "1"]
[SourceVersionDate "2017.08.23"]
[SourceQuality "1"]
[WhiteTeam "Moudanion"]
[BlackTeam "Von Heraklion Attica"]
[WhiteTeamCountry "GRE"]
[BlackTeamCountry "GRE"]

1. e4 c5 2. Nf3 e6 3. d4 cxd4 4. Nxd4 a6 5. Bd3 Qc7 6. 0-0 Nf6 7. Kh1 Bc5 8. Nb3 Ba7 9. a4 d6 10. Qe2 Bd7 11. Nc3 Bc6 12. Bf4 Nbd7 13. Rfd1 Ne5 14. Bg3 g5 15. Nd2 h5 16. Nc4 h4 17. Bxe5 dxe5 18. Nb5 axb5 19. axb5 Bxb5 20. Nd6+ Ke7 21. Nxb5 Qb8 22. Qd2 Bc5 23. Qxg5 Rxa1 24. Rxa1 Rh5 25. Qd2 Ng4 26. Rf1 h3 27. g3 Qd8 28. Qe2 Rg5 29. Qe1 Qb6 30. Kg1 Rg6 31. Nc3 Qxb2 32. Na4 Qa3 33. Qa5 Bxf2+ 34. Rxf2 Nxf2 35. Kxf2 Rf6+ 36. Ke2 Qd6 37. Qc5 Rg6 38. Qxd6+ Kxd6 39. Kf3 Kc6 40. Nb2 1-0

[Event "Novi Sad Serbian op"]
[Site "Novi Sad"]
[Date "2016.11.11"]
[Round "7"]
[White "Tsironis, Alexandros"]
[Black "Banovic, Ivan"]
[Result "1/2-1/2"]
[WhiteElo "1997"]
[BlackElo "2208"]
[PlyCount "29"]
[EventDate "2016.11.06"]
[EventType "swiss"]
[EventRounds "9"]
[EventCountry "SRB"]
[SourceTitle "CBM 175 Extra"]
[Source "ChessBase"]
[SourceDate "2016.12.12"]
[SourceVersion "1"]
[SourceVersionDate "2016.12.12"]
[SourceQuality "1"]

1. e4 e6 2. d4 d5 3. Nc3 Bb4 4. e5 Qd7 5. Bd2 b6 6. Nb5 Bf8 7. Qg4 Ne7 8. Nf3 Nf5 9. c4 Ba6 10. Rc1 c6 11. cxd5 Bxb5 12. Bxb5 cxb5 13. d6 Na6 14. 0-0 Bxd6 15. exd6 1/2-1/2

[Event "Nea Moudania op 2nd"]
[Site "Nea Moudania"]
[Date "2016.08.30"]
[Round "9"]
[White "Robulj, Nenad"]
[Black "Tsironis, Alexandros"]
[Result "0-1"]
[WhiteElo "2315"]
[BlackElo "1949"]
[PlyCount "64"]
[EventDate "2016.08.22"]
[EventType "swiss"]
[EventRounds "9"]
[EventCountry "GRE"]
[SourceTitle "CBM 174 Extra"]
[Source "ChessBase"]
[SourceDate "2016.10.10"]
[SourceVersion "1"]
[SourceVersionDate "2016.10.10"]
[SourceQuality "1"]

1. e4 c6 2. d4 d5 3. Nc3 dxe4 4. Nxe4 Bf5 5. Ng3 Bg6 6. Nf3 Nd7 7. h4 h6 8. h5 Bh7 9. Bd3 Bxd3 10. Qxd3 e6 11. Bf4 Qa5+ 12. Bd2 Bb4 13. c3 Be7 14. c4 Qc7 15. 0-0-0 Ngf6 16. Bc3 b5 17. c5 a5 18. Bd2 a4 19. Ne4 Rd8 20. Nxf6+ Nxf6 21. Qc2 Rd5 22. Kb1 Ng4 23. g3 0-0 24. Bf4 Qd7 25. Rde1 Ra8 26. Ne5 Nxe5 27. Bxe5 b4 28. g4 b3 29. axb3 f6 30. Bf4 Rxd4 31. Bxh6 axb3 32. Qg6 Rxg4 0-1

[Event "Nea Moudania op 2nd"]
[Site "Nea Moudania"]
[Date "2016.08.24"]
[Round "3"]
[White "Tsironis, Alexandros"]
[Black "Papasimakopoulos, Alexandros"]
[Result "0-1"]
[WhiteElo "1949"]
[BlackElo "2194"]
[PlyCount "54"]
[EventDate "2016.08.22"]
[EventType "swiss"]
[EventRounds "9"]
[EventCountry "GRE"]
[SourceTitle "CBM 174 Extra"]
[Source "ChessBase"]
[SourceDate "2016.10.10"]
[SourceVersion "1"]
[SourceVersionDate "2016.10.10"]
[SourceQuality "1"]

1. e4 e6 2. d4 d5 3. Nc3 Bb4 4. e5 b6 5. a3 Bf8 6. f4 Nh6 7. Be3 Be7 8. Nf3 0-0 9. Ne2 Ba6 10. Ng3 Bxf1 11. Rxf1 c5 12. Qd3 c4 13. Qe2 f6 14. Kf2 Nc6 15. Kg1 f5 16. Bd2 b5 17. h3 Qb6 18. Nh1 Nxd4 19. Nxd4 Qxd4+ 20. Be3 Qxb2 21. Rfd1 Rfc8 22. Nf2 Bc5 23. Rdb1 Qc3 24. Bd2 Qxc2 25. Kf1 Rab8 26. Nd1 d4 27. a4 a6 0-1

[Event "Nea Moudania op 2nd"]
[Site "Nea Moudania"]
[Date "2016.08.22"]
[Round "1"]
[White "Tsironis, Alexandros"]
[Black "Pantev, Veselin"]
[Result "1/2-1/2"]
[WhiteElo "1949"]
[BlackElo "2435"]
[PlyCount "95"]
[EventDate "2016.08.22"]
[EventType "swiss"]
[EventRounds "9"]
[EventCountry "GRE"]
[SourceTitle "CBM 174 Extra"]
[Source "ChessBase"]
[SourceDate "2016.10.10"]
[SourceVersion "1"]
[SourceVersionDate "2016.10.10"]
[SourceQuality "1"]

1. e4 c5 2. Nf3 Nc6 3. d4 cxd4 4. Nxd4 e5 5. Nb5 d6 6. N1c3 a6 7. Na3 b5 8. Nd5 Nce7 9. c4 Nxd5 10. exd5 bxc4 11. Nxc4 Nf6 12. Bg5 Be7 13. Bd3 0-0 14. 0-0 h6 15. Bxf6 Bxf6 16. Qh5 g6 17. Qe2 a5 18. f4 exf4 19. Rxf4 Bg5 20. Rf2 Ba6 21. Raf1 Qe7 22. Qxe7 Bxe7 23. Rf3 Bxc4 24. Bxc4 Kg7 25. Bb5 Rac8 26. Bc6 Rb8 27. b3 Bd8 28. g3 Bb6+ 29. Kg2 Bd4 30. Rf4 Bc3 31. R1f3 Bb4 32. Re4 f5 33. Re7+ Rf7 34. Rxf7+ Kxf7 35. g4 Kf6 36. gxf5 gxf5 37. Bd7 Rg8+ 38. Rg3 Rf8 39. Bxf5 Ke5 40. Be6 Rf4 41. Rf3 Re4 42. Rf2 Bc5 43. Rc2 Re3 44. Kf1 Rd3 45. Ke2 Re3+ 46. Kd2 Re4 47. Rc4 Bd4 48. Ra4 1/2-1/2

[Event "Thessaloniki Vardaris op 2nd"]
[Site "Thessaloniki"]
[Date "2016.03.13"]
[Round "5"]
[White "Tsironis, Alexandros"]
[Black "Kesidis, Odyseas"]
[Result "1-0"]
[WhiteElo "1966"]
[BlackElo "2232"]
[PlyCount "87"]
[EventDate "2016.03.10"]
[EventType "swiss"]
[EventRounds "7"]
[EventCountry "GRE"]
[SourceTitle "CBM 171 Extra"]
[Source "ChessBase"]
[SourceDate "2016.04.26"]
[SourceVersion "1"]
[SourceVersionDate "2016.04.26"]
[SourceQuality "1"]

1. e4 e5 2. Bc4 Nf6 3. d4 exd4 4. Nf3 Nc6 5. e5 d5 6. Bb5 Ne4 7. Nxd4 Bd7 8. Bxc6 bxc6 9. 0-0 Bc5 10. f3 Ng5 11. f4 Ne4 12. Be3 Qe7 13. Nd2 f6 14. Nxe4 dxe4 15. exf6 gxf6 16. Qh5+ Kf8 17. Ne6+ Qxe6 18. Bxc5+ Kg7 19. f5 Qe5 20. b4 Rhg8 21. Rae1 Kh8 22. Qd1 Rg7 23. Bd4 Qe7 24. Qa1 Rf7 25. Bc5 Qe8 26. Qd4 a5 27. Rxe4 Qc8 28. Be7 Bxf5 29. Ref4 Qd7 30. Bxf6+ Kg8 31. Rxf5 Qxd4+ 32. Bxd4 Rxf5 33. Rxf5 axb4 34. Rc5 Ra6 35. Rc4 Kf7 36. Rxb4 Rxa2 37. Rc4 Ke6 38. c3 Kd6 39. Rc5 Rd2 40. Rh5 Rc2 41. Rh6+ Kd5 42. Rxh7 Kc4 43. Rxc7 Kd3 44. h4 1-0

[Event "Troya op 23rd"]
[Site "Canakkale"]
[Date "2015.08.15"]
[Round "9"]
[White "Onem, Cem"]
[Black "Tsironis, Alexandros"]
[Result "1-0"]
[WhiteElo "1927"]
[BlackElo "1866"]
[PlyCount "101"]
[EventDate "2015.08.08"]
[EventType "swiss"]
[EventRounds "9"]
[EventCountry "TUR"]
[SourceTitle "CBM 167 Extra"]
[Source "ChessBase"]
[SourceDate "2015.09.14"]
[SourceVersion "1"]
[SourceVersionDate "2015.09.14"]
[SourceQuality "1"]

1. e4 c5 2. Nf3 e6 3. d3 Nc6 4. g3 Nge7 5. Bg2 g6 6. 0-0 Bg7 7. c3 0-0 8. Be3 b6 9. d4 Ba6 10. Re1 cxd4 11. cxd4 d5 12. e5 Qd7 13. Nc3 Na5 14. b3 Rfc8 15. Qd2 Rc7 16. Bf1 Bxf1 17. Kxf1 Rac8 18. Rac1 Nf5 19. Bf4 Bf8 20. Ne2 Nc6 21. Qb2 Bb4 22. Bd2 Qe7 23. Bxb4 Qxb4 24. g4 Nfe7 25. a3 Qb5 26. Qd2 Kg7 27. Qf4 Ng8 28. b4 a5 29. bxa5 Nxa5 30. Rb1 Qa6 31. Kg2 Rc2 32. Ng5 R8c7 33. Rbc1 Rxc1 34. Rxc1 Nc4 35. Rc3 h6 36. Nf3 Ra7 37. h4 Nxa3 38. Ng3 Nc4 39. h5 b5 40. g5 Qc8 41. gxh6+ Kh8 42. Ng5 Nxh6 43. Qf6+ Kg8 44. hxg6 Qe8 45. gxf7+ Nxf7 46. Qg6+ Kf8 47. Rf3 b4 48. Nh5 Qe7 49. Qg7+ Ke8 50. Qg8+ Qf8 51. Ng7+ 1-0

[Event "Troya op 23rd"]
[Site "Canakkale"]
[Date "2015.08.14"]
[Round "8"]
[White "Kiremitciyan, Ari"]
[Black "Tsironis, Alexandros"]
[Result "1-0"]
[WhiteElo "2038"]
[BlackElo "1866"]
[PlyCount "141"]
[EventDate "2015.08.08"]
[EventType "swiss"]
[EventRounds "9"]
[EventCountry "TUR"]
[SourceTitle "CBM 167 Extra"]
[Source "ChessBase"]
[SourceDate "2015.09.14"]
[SourceVersion "1"]
[SourceVersionDate "2015.09.14"]
[SourceQuality "1"]

1. e4 c5 2. Nf3 e6 3. d4 cxd4 4. Nxd4 Nc6 5. Nc3 Qc7 6. Be3 a6 7. Be2 Nf6 8. 0-0 Bb4 9. Na4 0-0 10. Nxc6 bxc6 11. Nb6 Rb8 12. Nxc8 Rfxc8 13. Bxa6 Rd8 14. Bg5 Qe5 15. Bxf6 gxf6 16. Qg4+ Kf8 17. b3 Ke7 18. Bd3 Rg8 19. Qh4 h5 20. f4 Qc5+ 21. Kh1 Rg4 22. Qf2 Rbg8 23. Qxc5+ Bxc5 24. g3 h4 25. Be2 R4g7 26. g4 e5 27. fxe5 fxe5 28. Rf5 Rg5 29. Raf1 R8g7 30. Kg2 Be3 31. Rxg5 Bxg5 32. a4 f6 33. Bc4 Rh7 34. a5 Rh8 35. Kf3 Kd6 36. Ke2 Bf4 37. Rd1+ Kc7 38. h3 Ra8 39. Ra1 Bh6 40. b4 Bf8 41. c3 Rd8 42. Rd1 Be7 43. Rd3 Ra8 44. Rd2 Bd8 45. Kd3 Kc8 46. Kc2 Rb8 47. Rd1 Bc7 48. Bf7 Kd8 49. Be6 d6 50. Ra1 Ke7 51. Bc4 Kd8 52. Kb3 Ke7 53. Ka4 Rd8 54. Rd1 Rb8 55. Bb3 Ra8 56. Rf1 Rb8 57. Rf5 Rh8 58. c4 Ra8 59. g5 c5 60. gxf6+ Kf7 61. Kb5 Bd8 62. a6 Rb8+ 63. Kc6 Rb6+ 64. Kd7 Rxb4 65. a7 Rb7+ 66. Kxd8 Rxa7 67. Bd1 Ke6 68. f7 Rd7+ 69. Kc8 Rxf7 70. Rxf7 Kxf7 71. Kd7 1-0

[Event "Troya op 23rd"]
[Site "Canakkale"]
[Date "2015.08.11"]
[Round "5"]
[White "Tsironis, Alexandros"]
[Black "Alaz, Ahmet Efekan"]
[Result "0-1"]
[WhiteElo "1866"]
[BlackElo "1855"]
[PlyCount "46"]
[EventDate "2015.08.08"]
[EventType "swiss"]
[EventRounds "9"]
[EventCountry "TUR"]
[SourceTitle "CBM 167 Extra"]
[Source "ChessBase"]
[SourceDate "2015.09.14"]
[SourceVersion "1"]
[SourceVersionDate "2015.09.14"]
[SourceQuality "1"]

1. e4 e6 2. d4 d5 3. Nc3 dxe4 4. Nxe4 Bd7 5. Nf3 Bc6 6. Bd3 Nd7 7. Qe2 Ngf6 8. Bg5 Be7 9. Nxf6+ Bxf6 10. h4 Qe7 11. 0-0-0 Bxf3 12. Qxf3 Bxg5+ 13. hxg5 Qxg5+ 14. Kb1 c6 15. Rh5 Qf6 16. Qg3 g6 17. Ra5 Qxd4 18. Be2 Qb6 19. Ra3 0-0-0 20. Rb3 Qc7 21. Qc3 Nb6 22. Re1 Qf4 23. Ba6 bxa6 0-1

[Event "Troya op 23rd"]
[Site "Canakkale"]
[Date "2015.08.09"]
[Round "3"]
[White "Tsironis, Alexandros"]
[Black "Cingoz, Ozan"]
[Result "1/2-1/2"]
[WhiteElo "1866"]
[BlackElo "1925"]
[PlyCount "50"]
[EventDate "2015.08.08"]
[EventType "swiss"]
[EventRounds "9"]
[EventCountry "TUR"]
[SourceTitle "CBM 167 Extra"]
[Source "ChessBase"]
[SourceDate "2015.09.14"]
[SourceVersion "1"]
[SourceVersionDate "2015.09.14"]
[SourceQuality "1"]

1. e4 c5 2. Nf3 d6 3. d4 cxd4 4. Nxd4 Nf6 5. Nc3 g6 6. Be3 Bg7 7. f3 0-0 8. Qd2 Nc6 9. 0-0-0 Nxd4 10. Bxd4 Be6 11. Kb1 Qc7 12. h4 Rfc8 13. h5 Qa5 14. hxg6 hxg6 15. a3 Rab8 16. Bd3 b5 17. Qg5 Rxc3 18. Bxc3 Qa4 19. Qd2 b4 20. Bxb4 a5 21. b3 Bxb3 22. cxb3 Qxb3+ 23. Qb2 Qa4 24. Bc2 Qc6 25. e5 Nd7 1/2-1/2